000 01134nma a22002297a 4500
005 20210325201524.0
006 g q ||
008 s2549 th tha d
041 _atha
090 _aCD1103
100 0 _aเอื้อมพร สกุลแก้ว,บรรณาธิการ
245 1 0 _aการสำรวจการย้ายถิ่นของประชากร พ.ศ. 2549 [CD - ROM] :
_bThe 2006 Migration survey
260 3 _aกรุงเทพมหานคร :
_bสำนักงานสถิติแห่งชาติ,
_c2549
300 _a1 แผ่น :
_b sd., col.
610 _aกระทรวงเทคโนโลยีสารสนเทศและการสื่อสาร. สำนักงานสถิติแห่งชาติ
650 0 4 _aประชากร -- การสำรวจ -- 2549
650 0 4 _aประชากร -- การย้ายถิ่น -- 2549
850 _aNALT
942 _cCD
997 _c000000000052963
_kVC
998 _aนางสุกัญญา กัลยา
999 _c52963
_d52963